000 00373nam a22001457a 4500
008 210520b ||||| |||| 00| 0 eng d
020 _a9781555878320
041 _aeng
080 _a32
082 _a32
100 _a20
101 _aSHP
245 _aThe Nation-State and Global Order A Historical Introduction to Contemporary Politics
_cOpello,W.C
942 _2udc
_cBK
999 _c57546
_d57546